01083nam a2200265Ia 450000500170000000800410001702000150005808200190007310000440009224501050013625000190024130000430026049000420030350000840034565000570042965000620048665100350054870000400058370000390062326400320066233600270069433700330072133800280075404000350078220220317000747.0160601s2004 ck a g 000 0 spa  a958822794104a986.102 bM25h1 aMéndez Bernal, Rafael Mauriciod1959-10aHistorias mínimas cRafael Mauricio Méndez ; editores Alberto Ramírez Santos, Leonardo Archila a1a. edición  a169 páginas bilustraciones c25 cm  aCrónicas de la historia de Colombia aSubtítulo en la carátula: Eventos que escandalizaron a la sociedad colonial142LEMBaCorrupción política y1550-1810zColombia 142LEMB aCorrupción administrativa y1550-1810zColombia  aColombia xHistoria ySiglo XX aRamírez Santos, Alberto eeditor  aArchila Ruiz, Leonardo A.eeditor  aBogotá bIntermedioc2004 atextobtxt2rdacontent asin mediaciónbn2rdamedia avolumenbnc2rdacarrier aCO-BoRNBPbspaerdacCO-BoRNBP